[Event "SR 2. liga A 2002/2003"]
[Site "?"]
[Date "2003.02.09"]
[Round "9.3"]
[White "Bury, Rastislav"]
[Black "Skreno, Vladimir"]
[Result "1/2-1/2"]
[WhiteElo "1984"]
[BlackElo "2116"]
[PlyCount "29"]
[EventDate "2002.??.??"]

1. d4 Nf6 2. c4 g6 3. Nc3 Bg7 4. e4 d6 5. f4 O-O 6. Nf3 c5 7. d5 e6 8. Be2 exd5
9. cxd5 Re8 10. e5 dxe5 11. fxe5 Ng4 12. Bg5 Qa5 13. O-O Nxe5 14. Nxe5 Rxe5 15.
Bf4 1/2-1/2

[Event "SR 2. liga A 2002/2003"]
[Site "?"]
[Date "2003.02.09"]
[Round "9.3"]
[White "Hartl, Jan"]
[Black "Szitkey, Milan"]
[Result "1-0"]
[WhiteElo "2154"]
[BlackElo "2253"]
[PlyCount "41"]
[EventDate "2002.??.??"]

1. e4 e6 2. d4 d5 3. Nc3 Bb4 4. e5 c5 5. a3 cxd4 6. axb4 dxc3 7. bxc3 Qc7 8. f4
Qxc3+ 9. Bd2 Qc7 10. Nf3 Nd7 11. Nd4 Qb6 12. Nb5 f6 13. Qg4 g6 14. Qh3 a6 15.
Qc3 Ke7 16. Nd6 Qc6 17. Qd4 Nh6 18. b5 Qc5 19. exf6+ Kd8 20. Ba5+ b6 21. Qxc5
1-0

[Event "SR 2. liga A 2002/2003"]
[Site "?"]
[Date "2003.02.09"]
[Round "9.3"]
[White "Kantorik, Marian"]
[Black "Janos, Jozef"]
[Result "1/2-1/2"]
[WhiteElo "2351"]
[BlackElo "2185"]
[PlyCount "126"]
[EventDate "2002.??.??"]

1. d4 Nf6 2. c4 e6 3. Nc3 Bb4 4. f3 c5 5. d5 Bxc3+ 6. bxc3 e5 7. e4 d6 8. Bd3
O-O 9. Ne2 Nbd7 10. O-O Re8 11. Bg5 h6 12. Be3 Nf8 13. Qd2 g5 14. h4 N6h7 15.
hxg5 hxg5 16. Kf2 f6 17. Rh1 Re7 18. Rh6 Rg7 19. Rah1 Rg6 20. R6h5 Qe7 21. g3
Qg7 22. R5h2 Bd7 23. f4 Qe7 24. Ng1 a6 25. Nf3 b5 26. Be2 Rg7 27. Rh5 Bg4 28.
Rh6 exf4 29. gxf4 Bxf3 30. Bxf3 g4 31. Bg2 g3+ 32. Kg1 bxc4 33. R1h3 Rb8 34.
Qe1 Rb2 35. Rxg3 Rxg3 36. Qxg3+ Qg7 37. Qh3 Re2 38. Rh4 f5 39. exf5 Nf6 40. Qf3
Rxa2 41. Rh3 Ra1+ 42. Kf2 Kf7 43. Rg3 Qh7 44. Bh3 Qh4 45. Kg2 Qh5 46. Qxh5+
Nxh5 47. Rg5 Nf6 48. Bg4 Nxg4 49. Rxg4 Rd1 50. Kf3 Rxd5 51. Rg1 Rd3 52. Ra1
Rxc3 53. Ke2 Rd3 54. Rxa6 Rd5 55. Ra4 Rxf5 56. Rxc4 Ke6 57. Ra4 Nd7 58. Kf3 Nf6
59. Ra8 Rh5 60. Ke2 Rh2+ 61. Kd3 Rh3 62. Ke2 Nd5 63. Bd2 c4 1/2-1/2

[Event "SR 2. liga A 2002/2003"]
[Site "?"]
[Date "2003.02.09"]
[Round "9.3"]
[White "Michal, Silvio"]
[Black "Mihalik, Marek"]
[Result "0-1"]
[WhiteElo "2168"]
[BlackElo "2090"]
[PlyCount "116"]
[EventDate "2002.??.??"]

1. c4 e5 2. Nc3 Nc6 3. g3 g6 4. Bg2 Bg7 5. e3 d6 6. Nge2 Nf6 7. O-O O-O 8. f4
Rb8 9. b3 Bf5 10. d3 Re8 11. e4 Bg4 12. Rb1 Qd7 13. Be3 a6 14. Qd2 Rbd8 15. Nd5
Bxe2 16. Qxe2 Nxd5 17. cxd5 Nd4 18. Bxd4 exd4 19. g4 c6 20. dxc6 bxc6 21. Qf3
a5 22. Rbc1 c5 23. Rc4 Bf8 24. Ra4 Ra8 25. Re1 Ra7 26. g5 Rb8 27. Bh3 Qc6 28.
Qf2 Rb4 29. Ra3 Qc7 30. Rc1 a4 31. Rxa4 Rbxa4 32. bxa4 Rxa4 33. Bg4 Qa5 34. Rc2
Qb5 35. Qd2 Rb4 36. Bd1 Qb7 37. Qg2 Rb1 38. Rd2 Qb4 39. Qe2 d5 40. exd5 Bd6 41.
Qf2 Qb8 42. Kg2 Bxf4 43. Bc2 Bxd2 44. Bxb1 Be3 45. Qf6 Bf4 46. d6 Bxd6 47. Bc2
Bxh2 48. Qf2 Bf4 49. Bb3 Qb7+ 50. Kf1 Bxg5 51. Ke2 h5 52. Qg3 Qe7+ 53. Kd1 h4
54. Qf3 Qd7 55. a4 h3 56. a5 h2 57. a6 c4 58. Bxc4 Qf5 0-1

[Event "SR 2. liga A 2002/2003"]
[Site "?"]
[Date "2003.02.09"]
[Round "9.3"]
[White "Slapak, Zdenek"]
[Black "Kolman, Richard"]
[Result "1/2-1/2"]
[WhiteElo "2156"]
[BlackElo "2139"]
[PlyCount "41"]
[EventDate "2002.??.??"]

1. d4 Nf6 2. Nf3 b6 3. c4 Bb7 4. Nc3 e6 5. a3 d5 6. Bg5 Be7 7. Qa4+ c6 8. Bxf6
Bxf6 9. cxd5 exd5 10. g3 O-O 11. Bg2 Re8 12. O-O Na6 13. b4 Nc7 14. Rfc1 h5 15.
h4 g6 16. e3 Re7 17. Ne1 Qd6 18. Nd3 Ne6 19. Qb3 Rd8 20. a4 Bg7 21. Ra2 1/2-1/2

[Event "SR 2. liga A 2002/2003"]
[Site "?"]
[Date "2003.02.09"]
[Round "9.3"]
[White "Toth_Vano, Peter"]
[Black "Machalova, Veronika"]
[Result "0-1"]
[WhiteElo "2088"]
[BlackElo "2146"]
[PlyCount "93"]
[EventDate "2002.??.??"]

1. e4 c5 2. Nf3 e6 3. d4 cxd4 4. Nxd4 a6 5. Nc3 Qc7 6. Be3 Nf6 7. a3 b5 8. f3
Bb7 9. Qd2 d6 10. Rd1 Bc6 11. g4 Nfd7 12. Bh3 Nb6 13. b3 Bd7 14. Bf1 Be7 15. g5
O-O 16. Rg1 Rc8 17. Nce2 Nc6 18. f4 Nxd4 19. Nxd4 Rab8 20. Bd3 Qc3 21. Qxc3
Rxc3 22. f5 d5 23. Ne2 Rcc8 24. f6 Bxa3 25. fxg7 Bc5 26. Bxc5 Rxc5 27. Nf4 dxe4
28. Bxe4 Re5 29. Nh5 Rxe4+ 30. Kf2 Re5 31. Nf6+ Kxg7 32. Nxd7 Nxd7 33. Rxd7 Rc8
34. Rd2 Rec5 35. Ra1 Rxc2 36. Ke3 R2c6 37. Rd7 Rc3+ 38. Kf2 Rc2+ 39. Ke3 R8c3+
40. Rd3 Rxd3+ 41. Kxd3 Rc6 42. Kd4 Kg6 43. h4 Kh5 44. Rf1 Rc7 45. Ke5 Rc5+ 46.
Kd6 Rf5 47. b4 0-1

[Event "SR 2. liga A 2002/2003"]
[Site "?"]
[Date "2003.02.09"]
[Round "9.4"]
[White "Eged, Igor"]
[Black "Horak, Ivan"]
[Result "1/2-1/2"]
[WhiteElo "2076"]
[BlackElo "2198"]
[PlyCount "38"]
[EventDate "2002.??.??"]

1. e4 d5 2. exd5 Nf6 3. d4 Nxd5 4. Nf3 g6 5. c3 Bg7 6. Bc4 O-O 7. O-O c6 8. Re1
h6 9. Nbd2 Be6 10. Bb3 c5 11. Ne5 Bf5 12. Nf1 b5 13. Ng3 Bc8 14. Bc2 Qc7 15.
Ng4 Kh7 16. h4 Bxg4 17. Qxg4 f5 18. Qf3 e5 19. dxe5 Nd7 1/2-1/2

[Event "SR 2. liga A 2002/2003"]
[Site "?"]
[Date "2003.02.09"]
[Round "9.4"]
[White "Hecko, Dusan"]
[Black "Syrovy, Ivan"]
[Result "0-1"]
[WhiteElo "2168"]
[BlackElo "2066"]
[PlyCount "126"]
[EventDate "2002.??.??"]

1. e4 c6 2. d4 d5 3. exd5 cxd5 4. Bd3 Nc6 5. c3 Nf6 6. Bf4 g6 7. Nd2 Bg7 8. h3
Nd7 9. Ngf3 e5 10. dxe5 Ndxe5 11. Nxe5 Bxe5 12. Bxe5 Nxe5 13. Bb5+ Nc6 14. O-O
O-O 15. Nf3 Be6 16. Qd2 Qf6 17. Be2 Rfd8 18. Rad1 d4 19. cxd4 Bxa2 20. Qc3 Bd5
21. Ne5 Nxd4 22. Qxd4 Bxg2 23. Nd7 Qxd4 24. Rxd4 Bxf1 25. Kxf1 Kg7 26. Rd3 Rac8
27. Nc5 Rxd3 28. Nxd3 b5 29. Ke1 Kf6 30. Kd2 a5 31. Bf3 h5 32. Bd5 Rc7 33. f4
Kg7 34. Ke3 f6 35. Bb3 g5 36. Ke4 Kg6 37. fxg5 Kxg5 38. Nf4 f5+ 39. Kf3 Rc1 40.
Nd3 Rh1 41. Nf2 Ra1 42. Be6 a4 43. Nd3 a3 44. bxa3 Rxa3 45. Ke2 Ra4 46. Bb3 Rh4
47. Nf2 Rb4 48. Be6 Rb2+ 49. Ke3 Rb1 50. h4+ Kf6 51. Bd7 b4 52. Bb5 b3 53. Be2
Rg1 54. Nd1 Rg2 55. Nc3 b2 56. Bd3 Rh2 57. Bb1 Rxh4 58. Nd1 Rb4 59. Kd3 h4 60.
Kc3 Rb8 61. Nf2 Kg5 62. Kd4 Kf4 63. Nd3+ Kg3 0-1

[Event "SR 2. liga A 2002/2003"]
[Site "?"]
[Date "2003.02.09"]
[Round "9.4"]
[White "Minich, Peter"]
[Black "Sukuba, Zdeno"]
[Result "1-0"]
[WhiteElo "2212"]
[BlackElo "2108"]
[PlyCount "85"]
[EventDate "2002.??.??"]

1. d4 Nf6 2. g3 e6 3. Bg2 d5 4. Nf3 Be7 5. O-O O-O 6. Nbd2 c5 7. c3 Nc6 8. Re1
cxd4 9. Nxd4 e5 10. Nxc6 bxc6 11. c4 Qc7 12. Qc2 Qb6 13. Nf3 Bc5 14. e3 Re8 15.
Bd2 Ne4 16. cxd5 cxd5 17. b4 Bf8 18. a3 Bb7 19. Qb2 Rad8 20. Rab1 g6 21. a4 Bg7
22. b5 Nxd2 23. Qxd2 d4 24. a5 dxe3 25. Qxe3 Qf6 26. Qe2 Qd6 27. b6 a6 28. Ng5
Bxg2 29. Kxg2 Qd5+ 30. Qf3 f6 31. b7 Qxf3+ 32. Nxf3 Rb8 33. Rb6 Re7 34. Reb1
Kf7 35. Nd2 Bf8 36. Nc4 Rd7 37. Rxa6 Rbxb7 38. Rxb7 Rxb7 39. Rb6 Ra7 40. a6 Bc5
41. Rc6 Bd4 42. Nd6+ Ke6 43. Nc8+ 1-0

[Event "SR 2. liga A 2002/2003"]
[Site "?"]
[Date "2003.02.09"]
[Round "9.4"]
[White "Mynar, Martin"]
[Black "Kovacocy, Pavel"]
[Result "0-1"]
[WhiteElo "2113"]
[BlackElo "2230"]
[PlyCount "132"]
[EventDate "2002.??.??"]

1. e4 c5 2. Nc3 Nc6 3. Bc4 g6 4. f4 e6 5. Nf3 Bg7 6. O-O Nge7 7. d3 O-O 8. Qe1
Nd4 9. Nxd4 Bxd4+ 10. Kh1 Bg7 11. Bb3 d6 12. Ne2 b6 13. c3 Bb7 14. Qg3 Rc8 15.
Bc2 f5 16. Qh3 Rc7 17. Be3 d5 18. e5 Nc6 19. Rac1 Qe7 20. Bf2 h6 21. Qg3 Kf7
22. Rfd1 Rg8 23. d4 c4 24. Ng1 Bf8 25. Nf3 Ke8 26. Be3 Qh7 27. b3 Na5 28. b4
Nc6 29. Kg1 Nd8 30. Kf2 Be7 31. h4 Nf7 32. Rh1 Rg7 33. Qh3 Qg8 34. g4 g5 35.
hxg5 hxg5 36. fxg5 fxg4 37. Qxg4 Nxg5 38. Bxg5 Bxg5 39. Qh5+ Kd8 40. Rcg1 Rcf7
41. Ke2 Be7 42. Rg6 Rxg6 43. Bxg6 Rg7 44. Rg1 Bc6 45. Kf2 Be8 46. Bxe8 Rxg1 47.
Nxg1 Qxe8 48. Qxe8+ Kxe8 49. Nh3 Bh4+ 50. Ke2 b5 51. Kd1 Kf7 52. Ng1 Kg6 53.
Nf3 Bd8 54. Nd2 Kf5 55. Kc2 Bg5 56. Nb1 Ke4 57. Na3 a6 58. Nb1 Be3 59. Nd2+
Bxd2 60. Kxd2 Kf3 61. Kc1 Ke3 62. Kc2 Ke2 63. a3 Ke3 64. Kc1 Kd3 65. Kb2 Kd2
66. a4 Kd3 0-1

[Event "SR 2. liga A 2002/2003"]
[Site "?"]
[Date "2003.02.09"]
[Round "9.4"]
[White "Pusec, Pavel"]
[Black "Janos, Ivan"]
[Result "1-0"]
[WhiteElo "2117"]
[BlackElo "2137"]
[PlyCount "81"]
[EventDate "2002.??.??"]

1. d4 Nf6 2. c3 b6 3. f4 e6 4. Nf3 Bb7 5. e3 Be7 6. Bd3 Ne4 7. O-O f5 8. Nbd2
c5 9. Qc2 Nxd2 10. Bxd2 d5 11. Bb5+ Bc6 12. Bxc6+ Nxc6 13. Ne5 Nxe5 14. fxe5
Qd7 15. Qd3 a6 16. Qe2 h5 17. Rfd1 g5 18. b3 g4 19. Be1 h4 20. c4 cxd4 21. cxd5
Qxd5 22. Rxd4 Qxe5 23. Bc3 Bd6 24. Rxd6 Qxc3 25. Rad1 Ke7 26. Rxb6 g3 27. h3
Rad8 28. Rb7+ Kf6 29. Rbd7 Rxd7 30. Rxd7 Qc1+ 31. Rd1 Rc8 32. Rxc1 Rxc1+ 33.
Qf1 Rxf1+ 34. Kxf1 Ke5 35. Ke2 Ke4 36. b4 Kd5 37. Kd3 e5 38. a4 f4 39. e4+ Kd6
40. Ke2 a5 41. bxa5 1-0

[Event "SR 2. liga A 2002/2003"]
[Site "?"]
[Date "2003.02.09"]
[Round "9.4"]
[White "Sycova, Miroslava"]
[Black "Chovanec, Vladimir"]
[Result "1-0"]
[WhiteElo "2058"]
[BlackElo "2057"]
[PlyCount "107"]
[EventDate "2002.??.??"]

1. e4 g6 2. d4 Bg7 3. Nf3 c6 4. Nc3 d5 5. Be2 Nf6 6. e5 Nfd7 7. O-O O-O 8. Be3
Nb6 9. Qd2 Bg4 10. b3 a5 11. Bh6 Bxf3 12. Bxf3 Na6 13. Rae1 Nc7 14. Bg4 a4 15.
Bxg7 Kxg7 16. Re3 h6 17. Rh3 Rh8 18. f4 e6 19. Ne2 axb3 20. axb3 Nc8 21. Ng3
Ne7 22. f5 exf5 23. Bxf5 Nxf5 24. Nxf5+ gxf5 25. Rxf5 Ra1+ 26. Kf2 Ne6 27. Qb4
Qa5 28. Rg3+ Ng5 29. Qxa5 Rxa5 30. h4 Ra2 31. hxg5 Rxc2+ 32. Kg1 h5 33. Rgf3
Kg6 34. Rxf7 Kxg5 35. Rg3+ Kh6 36. Rf6+ Kh7 37. Rg5 Ra8 38. Rxh5+ Kg7 39. Rg5+
Kh7 40. e6 Rc1+ 41. Kh2 Re1 42. Rg4 Re8 43. Rgg6 Rg8 44. Rh6+ Kg7 45. g4 Rf1
46. Rxf1 Kxh6 47. e7 Re8 48. Re1 Kg6 49. Kg3 Kf7 50. Kf4 Rxe7 51. Rxe7+ Kxe7
52. Ke5 Kf7 53. b4 Ke7 54. g5 1-0

[Event "SR 2. liga A 2002/2003"]
[Site "?"]
[Date "2003.02.09"]
[Round "9.5"]
[White "Faltan, Peter"]
[Black "Miklas, Marian"]
[Result "0-1"]
[WhiteElo "2148"]
[BlackElo "2172"]
[PlyCount "20"]
[EventDate "2002.??.??"]

1. d4 Nf6 2. c4 g6 3. Nc3 Bg7 4. Nf3 O-O 5. e4 d6 6. Bd3 Bg4 7. h3 Bxf3 8. Qxf3
Nc6 9. Be3 Nd7 10. Ne2 Nde5 0-1

[Event "SR 2. liga A 2002/2003"]
[Site "?"]
[Date "2003.02.09"]
[Round "9.5"]
[White "Kralovic, Andrej"]
[Black "Hanzluvka, Peter"]
[Result "1-0"]
[WhiteElo "2037"]
[BlackElo "2127"]
[PlyCount "65"]
[EventDate "2002.??.??"]

1. e4 c5 2. Nc3 Nc6 3. g3 Nf6 4. Bg2 d6 5. d3 e6 6. Nge2 Be7 7. O-O O-O 8. f4
Qb6 9. Kh1 Bd7 10. h3 Rac8 11. g4 Nd4 12. Ng3 Bc6 13. g5 Nd7 14. Nce2 Qd8 15.
c3 Nxe2 16. Qxe2 g6 17. h4 f5 18. exf5 exf5 19. Qe6+ Rf7 20. Bxc6 Rxc6 21. h5
Nf8 22. Qd5 Nd7 23. Nxf5 Kf8 24. Nh6 Rg7 25. hxg6 hxg6 26. f5 Nb6 27. fxg6+ Ke8
28. Qf3 Nc8 29. Bd2 d5 30. Nf7 Qb6 31. Ne5 Rd6 32. Qh3 Rg8 33. Qxc8+ 1-0

[Event "SR 2. liga A 2002/2003"]
[Site "?"]
[Date "2003.02.09"]
[Round "9.5"]
[White "Kubis, Ivan"]
[Black "Hecht, Tomas"]
[Result "1/2-1/2"]
[WhiteElo "2105"]
[BlackElo "2050"]
[PlyCount "29"]
[EventDate "2002.??.??"]

1. d4 Nf6 2. Nf3 d5 3. c4 c6 4. Nc3 dxc4 5. a4 Bf5 6. Ne5 e6 7. f3 Bb4 8. e4
Bxe4 9. fxe4 Nxe4 10. Bd2 Qxd4 11. Nxe4 Qxe4+ 12. Qe2 Bxd2+ 13. Kxd2 Qd5+ 14.
Kc2 Na6 15. Nxc4 1/2-1/2

[Event "SR 2. liga A 2002/2003"]
[Site "?"]
[Date "2003.02.09"]
[Round "9.5"]
[White "Labar, Eduard"]
[Black "Chorvat, Marian"]
[Result "1/2-1/2"]
[WhiteElo "2049"]
[BlackElo "2054"]
[PlyCount "26"]
[EventDate "2002.??.??"]

1. d4 d5 2. Nf3 Nf6 3. Bg5 e6 4. e3 Be7 5. Nbd2 h6 6. Bh4 O-O 7. Bd3 Nbd7 8. c3
b6 9. O-O Bb7 10. Rc1 c5 11. Bb1 Ne8 12. Bg3 Bd6 13. Be5 f5 1/2-1/2

[Event "SR 2. liga A 2002/2003"]
[Site "?"]
[Date "2003.02.09"]
[Round "9.5"]
[White "Sarmir, Milos"]
[Black "Vychodil, Michal"]
[Result "1-0"]
[WhiteElo "2149"]
[BlackElo "2078"]
[PlyCount "59"]
[EventDate "2002.??.??"]

1. e4 c5 2. Nf3 g6 3. d4 Bg7 4. c3 cxd4 5. cxd4 d5 6. e5 Bg4 7. Nc3 Nc6 8. Be2
Nh6 9. h3 Bxf3 10. Bxf3 e6 11. O-O Qb6 12. Be3 Qxb2 13. Qd3 Qa3 14. Rab1 b6 15.
Qd2 Nf5 16. Nb5 Qe7 17. Bg5 Qd7 18. g4 Nfxd4 19. Nxd4 Nxe5 20. Qb4 f6 21. Be2
Qe7 22. Qa4+ Kf7 23. Bd2 Nd7 24. Rfe1 Nc5 25. Qa3 e5 26. Bb4 Qd7 27. Bxc5 bxc5
28. Qa6 Rab8 29. Bb5 Rb6 30. Qxb6 1-0

[Event "SR 2. liga A 2002/2003"]
[Site "?"]
[Date "2003.02.09"]
[Round "9.5"]
[White "Srna, Jan"]
[Black "Manak, Jozef"]
[Result "1/2-1/2"]
[WhiteElo "2073"]
[BlackElo "2076"]
[PlyCount "94"]
[EventDate "2002.??.??"]

1. d4 d5 2. Bf4 Nf6 3. h4 e6 4. Nf3 Bd6 5. Ne5 c5 6. e3 Nc6 7. c3 Qe7 8. Bb5
Bd7 9. Nxd7 Nxd7 10. Bxd6 Qxd6 11. Qg4 O-O 12. O-O a6 13. Ba4 f5 14. Qe2 f4 15.
Nd2 Rf6 16. e4 cxd4 17. exd5 exd5 18. Bb3 Kh8 19. Qf3 dxc3 20. bxc3 Nb6 21. Qd3
Ne5 22. Qd4 Ng6 23. Nf3 Rd8 24. Rfe1 Nc8 25. Bc2 Nce7 26. Re2 Nc6 27. Qd3 Nf8
28. Rae1 Qd7 29. Ng5 g6 30. Kh2 Kg7 31. Nf3 Rf5 32. Ng5 Rf6 33. Nf3 Ne6 34. Ne5
Qd6 35. Nf3 Nc5 36. Qd1 Re6 37. Rxe6 Nxe6 38. Qb1 Rd7 39. Bb3 Nc5 40. Bc2 Re7
41. Qd1 Rxe1 42. Qxe1 b5 43. Qe8 Qe6 44. Qa8 Ne7 45. Qa7 Qd6 46. Kg1 Ne6 47.
Bb3 h6 1/2-1/2

[Event "SR 2. liga A 2002/2003"]
[Site "?"]
[Date "2003.02.09"]
[Round "9.6"]
[White "Gajarsky, Roman"]
[Black "Duris, Ivan"]
[Result "1-0"]
[WhiteElo "2051"]
[BlackElo "2023"]
[PlyCount "73"]
[EventDate "2002.??.??"]

1. e4 e6 2. d4 d5 3. Nc3 Nf6 4. Bg5 Be7 5. e5 Nfd7 6. Bxe7 Qxe7 7. Nf3 O-O 8.
a3 c5 9. Nb5 Nc6 10. c3 a6 11. Nd6 f6 12. Nxc8 Raxc8 13. exf6 Qxf6 14. Qd2 cxd4
15. cxd4 Qg6 16. h4 e5 17. dxe5 Qe4+ 18. Qe3 Ncxe5 19. Qxe4 dxe4 20. Nd4 Nc5
21. f3 Ncd3+ 22. Bxd3 Nxd3+ 23. Ke2 Rcd8 24. Ne6 exf3+ 25. Kf1 fxg2+ 26. Kxg2
Rf2+ 27. Kg3 Rd6 28. Rad1 Rxb2 29. Rhf1 Rxe6 30. Rxd3 Rg6+ 31. Kh3 h5 32. Rf5
Rgg2 33. Rxh5 Rh2+ 34. Kg3 Rbg2+ 35. Kf4 Rxh4+ 36. Rxh4 g5+ 37. Kf3 1-0

[Event "SR 2. liga A 2002/2003"]
[Site "?"]
[Date "2003.02.09"]
[Round "9.6"]
[White "Janecek, Jan"]
[Black "Kovarik, Oto"]
[Result "1/2-1/2"]
[WhiteElo "1982"]
[BlackElo "2103"]
[PlyCount "33"]
[EventDate "2002.??.??"]

1. e4 c5 2. Nf3 e6 3. b3 d6 4. Bb2 Nf6 5. Bb5+ Bd7 6. Bxd7+ Nbxd7 7. Qe2 Be7 8.
O-O O-O 9. c4 Qc7 10. d4 cxd4 11. Nxd4 a6 12. Nc3 Rfe8 13. Rad1 Qc5 14. Rd3 Ne5
15. Na4 Qa5 16. Rh3 Ng6 17. f4 1/2-1/2

[Event "SR 2. liga A 2002/2003"]
[Site "?"]
[Date "2003.02.09"]
[Round "9.6"]
[White "Kruppa, Dominik"]
[Black "Antala, Jan"]
[Result "1-0"]
[WhiteElo "2091"]
[BlackElo "1904"]
[PlyCount "95"]
[EventDate "2002.??.??"]

1. e4 e5 2. Nf3 Nc6 3. Bb5 f5 4. Nc3 Nf6 5. Bxc6 dxc6 6. Qe2 Bd6 7. O-O fxe4 8.
Nxe4 Bg4 9. d3 h6 10. Ng3 O-O 11. h3 Bxf3 12. Qxf3 Qd7 13. Bd2 Rae8 14. Rae1 e4
15. Qf5 Qxf5 16. Nxf5 exd3 17. Nxd6 cxd6 18. cxd3 Nd5 19. Re4 Re7 20. Rxe7 Nxe7
21. Bb4 Rf6 22. Re1 Kf7 23. Bc3 Rf5 24. Bxg7 Rd5 25. Bxh6 Rxd3 26. Bg5 Nd5 27.
h4 Rd4 28. Kh2 b5 29. f3 c5 30. g4 c4 31. h5 b4 32. Kg3 c3 33. bxc3 bxc3 34. h6
Nf6 35. Bxf6 Kxf6 36. Rc1 Rc4 37. f4 d5 38. Rd1 c2 39. Rc1 Rc8 40. g5+ Kg6 41.
Kg4 d4 42. f5+ Kh7 43. Kf3 d3 44. Ke3 Rd8 45. Kd2 Rd7 46. Rh1 Rb7 47. g6+ Kh8
48. f6 1-0

[Event "SR 2. liga A 2002/2003"]
[Site "?"]
[Date "2003.02.09"]
[Round "9.6"]
[White "Mandak, Miroslav"]
[Black "Gasa, Andrej"]
[Result "0-1"]
[WhiteElo "2089"]
[BlackElo "2167"]
[PlyCount "106"]
[EventDate "2002.??.??"]

1. e4 c5 2. Nf3 d6 3. d4 cxd4 4. Nxd4 Nf6 5. Nc3 a6 6. Be2 e6 7. O-O Qc7 8. Be3
Nc6 9. a4 Bd7 10. Nb3 Be7 11. f4 O-O 12. a5 h6 13. Rf3 Rfe8 14. Rh3 Nb4 15. Bb6
Qc8 16. Rc1 e5 17. Rf3 Qc6 18. Rf1 Be6 19. Bd3 Rac8 20. Nd2 exf4 21. Rxf4 Nd7
22. Bd4 Bg5 23. Rf1 Ne5 24. Be2 Nc4 25. Bxc4 Bxc4 26. Re1 Be6 27. Ra1 Qd7 28.
h3 d5 29. exd5 Bxd5 30. Rxe8+ Rxe8 31. Nxd5 Qxd5 32. Nf3 Nc6 33. Nxg5 Qxd4+ 34.
Qxd4 Nxd4 35. Nf3 Nxf3+ 36. gxf3 Re2 37. Rc1 Kf8 38. b4 Ke7 39. Kf1 Rh2 40. Kg1
Rd2 41. b5 axb5 42. Rb1 Rxc2 43. Rxb5 Rc7 44. Rb6 Kd7 45. Kf2 Rc2+ 46. Kg3 Kc7
47. Rb1 Rc5 48. Ra1 Kb8 49. a6 b5 50. a7+ Ka8 51. Ra5 Rg5+ 52. Kf4 b4 53. Ra6
Rb5 0-1

[Event "SR 2. liga A 2002/2003"]
[Site "?"]
[Date "2003.02.09"]
[Round "9.6"]
[White "Nicolini, Alexander"]
[Black "Kebis, Milos"]
[Result "1/2-1/2"]
[WhiteElo "2100"]
[BlackElo "2081"]
[PlyCount "81"]
[EventDate "2002.??.??"]

1. e4 g6 2. d4 Bg7 3. Nc3 d6 4. Be2 Nf6 5. Bg5 O-O 6. Nf3 c5 7. d5 a6 8. a4 Bg4
9. O-O Nbd7 10. Nd2 Bxe2 11. Qxe2 h6 12. Bh4 Nh5 13. f4 Nxf4 14. Rxf4 g5 15.
Bxg5 hxg5 16. Rf5 e6 17. dxe6 fxe6 18. Rxf8+ Qxf8 19. Qg4 Qe7 20. Nf3 Ne5 21.
Nxe5 Bxe5 22. Rf1 Rf8 23. Rf3 Rxf3 24. gxf3 Qf6 25. h4 Kf8 26. hxg5 Qf4 27.
Qxf4+ Bxf4 28. Ne2 Bxg5 29. c4 Ke7 30. Kf2 Kd7 31. f4 Bf6 32. b3 Kc6 33. Nc1 d5
34. exd5+ exd5 35. Ke3 Bd4+ 36. Kd3 dxc4+ 37. bxc4 b5 38. axb5+ axb5 39. Nb3
Bf6 40. Nxc5 Kxc5 41. cxb5 1/2-1/2

[Event "SR 2. liga A 2002/2003"]
[Site "?"]
[Date "2003.02.09"]
[Round "9.6"]
[White "Stepanovic, Branislav"]
[Black "Zacik, Anton"]
[Result "1-0"]
[WhiteElo "2060"]
[BlackElo "2113"]
[PlyCount "81"]
[EventDate "2002.??.??"]

1. e4 c5 2. Nf3 Nc6 3. d4 cxd4 4. Nxd4 Nf6 5. Nc3 e5 6. Ndb5 d6 7. Bg5 a6 8.
Na3 b5 9. Nd5 Be7 10. Bxf6 Bxf6 11. c3 Bg5 12. Nc2 O-O 13. a4 Rb8 14. axb5 axb5
15. Bd3 Ne7 16. Ncb4 Nxd5 17. Nxd5 f5 18. exf5 e4 19. Bc2 Bxf5 20. O-O Qd7 21.
Qd4 Rfe8 22. Ra7 Rb7 23. Nf6+ Bxf6 24. Qd5+ Qf7 25. Qxb7 Qxb7 26. Rxb7 Bg4 27.
Re1 e3 28. Rxe3 Rxe3 29. fxe3 Bg5 30. Kf2 Bh4+ 31. g3 Bf6 32. Rxb5 Bd7 33. Rb7
Be6 34. Bb3 Bxb3 35. Rxb3 Kf7 36. Kf3 Ke6 37. Ke4 d5+ 38. Kd3 Ke5 39. Rb5 Kd6
40. Rb6+ Kc5 41. Rxf6 1-0

[Event "SR 2. liga A 2002/2003"]
[Site "?"]
[Date "2003.02.09"]
[Round "9.7"]
[White "Galan, Anton"]
[Black "Syc, Marian"]
[Result "1-0"]
[WhiteElo "1966"]
[BlackElo "1900"]
[PlyCount "46"]
[EventDate "2002.??.??"]

1. e4 e5 2. f4 exf4 3. Bc4 d5 4. Bxd5 Nf6 5. Bc4 Bd6 6. d3 Bg4 7. Nf3 Nbd7 8.
Nbd2 O-O 9. O-O Ne5 10. Bb3 Bc5+ 11. Kh1 b5 12. Qe1 Ng6 13. Nh4 Nh5 14. Nxg6
hxg6 15. Nf3 Re8 16. Qc3 Bxf3 17. Qxc5 Be2 18. Rf2 Qh4 19. Kg1 Bg4 20. Bxf4 Be6
21. Bg5 Qg4 22. Rd1 Bxb3 23. axb3 f5 {Dalsi priebeh partie sa nedal ani s
pouzitim oboch partiarov rekonstruovat, ani za uvedene tahy nerucim. Nech sa
obaja pani na mna nehnevaju, ale za partiare sa mozu hanbit. Jeden je
necitatelny, druhy je doskrtany, rovnakych je len prvych 13 tahov.} 1-0

[Event "SR 2. liga A 2002/2003"]
[Site "?"]
[Date "2003.02.09"]
[Round "9.7"]
[White "Hrncar, Lubomir"]
[Black "Behul, Bohus"]
[Result "1/2-1/2"]
[WhiteElo "2025"]
[BlackElo "2149"]
[PlyCount "90"]
[EventDate "2002.??.??"]

1. e4 d6 2. d4 Nf6 3. Bd3 e5 4. Nf3 Bg4 5. dxe5 dxe5 6. Be3 Nbd7 7. O-O Bc5 8.
Qe2 O-O 9. Nc3 c6 10. h3 Bxe3 11. Qxe3 Bxf3 12. Qxf3 Nc5 13. Rfd1 Qe7 14. Ne2
Rfd8 15. Ng3 g6 16. Qe3 Rd7 17. Be2 Rad8 18. Rxd7 Rxd7 19. Rd1 Rxd1+ 20. Bxd1
b6 21. c3 Ne6 22. Ne2 Kg7 23. Bc2 Nh5 24. g3 h6 25. Kh2 Qd6 26. Qd3 Qxd3 27.
Bxd3 Nc5 28. Bc2 Nf6 29. f3 Ne8 30. Kg2 Nd6 31. b3 f5 32. exf5 gxf5 33. Kf2 Kf6
34. Ke3 Ne6 35. h4 c5 36. a4 a5 37. Bd3 Nc7 38. Kf2 Nd5 39. Bc2 Ke6 40. f4 e4
41. c4 Nf6 42. Nc3 Ng4+ 43. Ke2 Nf6 44. Ke3 Ng4+ 45. Ke2 Nf6 1/2-1/2

[Event "SR 2. liga A 2002/2003"]
[Site "?"]
[Date "2003.02.09"]
[Round "9.7"]
[White "Jurcak, Marian"]
[Black "Diviak, Rastislav"]
[Result "0-1"]
[WhiteElo "1847"]
[BlackElo "1824"]
[PlyCount "150"]
[EventDate "2002.??.??"]

1. e4 d6 2. d4 Nf6 3. Nc3 g6 4. Nf3 Bg7 5. Be2 O-O 6. O-O c6 7. a4 Qc7 8. Bf4
Nh5 9. Be3 Nd7 10. Ne1 Nhf6 11. f4 c5 12. e5 Ne8 13. Nd5 Qd8 14. Nd3 cxd4 15.
Bxd4 dxe5 16. fxe5 Nc7 17. N5f4 Nb8 18. Bc3 Nc6 19. Bf3 Nd4 20. Be4 Nce6 21.
Nxe6 Nxe6 22. Qd2 Qc7 23. Qe3 Bd7 24. Nb4 Rfe8 25. Nd5 Qb8 26. Bd3 Nc7 27. Nf4
e6 28. Be4 Bc6 29. Bxc6 bxc6 30. Qf3 Qb6+ 31. Kh1 Re7 32. Rad1 Nd5 33. Nxd5
cxd5 34. b3 Qc7 35. Rfe1 Rc8 36. Rd3 Qb7 37. Qe2 Rec7 38. Qe3 Rc6 39. Re2 Qc7
40. Bb4 Rxc2 41. Bd6 Rxe2 42. Qxe2 Qc1+ 43. Qd1 Qb2 44. Qe1 Rc2 45. Qg1 Bxe5
46. Be7 Rc3 47. Rxc3 Bxc3 48. Qxa7 Qb1+ 49. Qg1 Qxb3 50. h4 Qxa4 51. Qe3 Qa1+
52. Kh2 Be5+ 53. g3 Qc3 54. Qg5 Qc2+ 55. Kh1 Qd1+ 56. Kg2 Qe2+ 57. Kh1 Qf1+ 58.
Kh2 Qf2+ 59. Kh3 Qf5+ 60. Qxf5 gxf5 61. Kg2 Kg7 62. Kf3 Kg6 63. Bb4 Kf6 64. Ba5
Bd6 65. Bd8+ Ke5 66. Bg5 Kd4 67. Be3+ Kc4 68. Ke2 Bxg3 69. Kf3 Bxh4 70. Ke2 d4
71. Bf4 Kc3 72. Be5 f6 73. Bc7 Kc2 74. Ba5 d3+ 75. Ke3 Bg5+ 0-1

[Event "SR 2. liga A 2002/2003"]
[Site "?"]
[Date "2003.02.09"]
[Round "9.7"]
[White "Palka, Miroslav"]
[Black "Tokos, Jozef"]
[Result "1/2-1/2"]
[WhiteElo "2012"]
[BlackElo "2055"]
[PlyCount "41"]
[EventDate "2002.??.??"]

1. c4 c6 2. Nf3 d5 3. d4 Nf6 4. Bf4 e6 5. e3 Nbd7 6. Bd3 dxc4 7. Bxc4 b5 8. Bd3
a6 9. O-O Bb7 10. Nbd2 c5 11. b3 Be7 12. Qe2 O-O 13. a4 b4 14. Nc4 Nd5 15. Qc2
h6 16. Nd6 Qb6 17. Nxb7 Qxb7 18. Bg3 Rac8 19. Qd2 Rfd8 20. Rac1 Nc3 21. Qb2
1/2-1/2